000 00894nam a22002657a 4500
999 _c15023
_d15023
003 MIRAKIL
005 20221006150603.0
008 221006b tu ||||| |||| 00| 0 tur d
020 _a9789750817496
040 _aTR-AnCHP
_cTR-AnCHP
041 _atur
082 _a321.8
_bR55d 2009
100 _aRingen, Stein
245 1 0 _aDemokrasi neye yarar? :
_bözgürlük ve ahlaki yönetim üzerine /
_cStein Ringen ; çeviren Nurettin Elhüseyni
246 _aözgürlük ve ahlaki yönetim üzerine
260 _aİstanbul:
_bYapı kredi yayınları,
_c2009.
300 _a425 s.:
_c21 sm.
490 0 _aYapı Kredi Yayınları;
_aCogito;
_v3059.
_v180.
504 _aKaynakça ve dizin vardır.
650 0 _97
_aDemokrasi
650 0 _97209
_aSiyasi ahlak
700 _97208
_aElhüseyni, Nurettin
_eçev.
740 _aözgürlük ve ahlaki yönetim üzerine
942 _2ddc
_cBKS